| 000 | 00372cam a22001217a 4500 | ||
|---|---|---|---|
| 008 | 180718b1960 xxu||||| |||| 00| 0 eng d | ||
| 082 | _aB7055x42 L786a | ||
| 245 | _aLocal government annual and official directory | ||
| 260 |
_aLondon _bLocal Government _c1960 |
||
| 300 | _axlii, 435p | ||
| 650 | _aLocal government --Great Britain. | ||
| 650 | _aLocal government --Yearbooks | ||
| 999 |
_c372047 _d372047 |
||